HRD Audit: Evaluating the Human Resource Function for Business Improvement (Record no. 3555)

MARC details
000 -LEADER
fixed length control field 00381nam a2200145Ia 4500
008 - FIXED-LENGTH DATA ELEMENTS--GENERAL INFORMATION
fixed length control field 191201s2008 xx 000 0 und d
082 ## - DEWEY DECIMAL CLASSIFICATION NUMBER
Classification number 658.31
Item number RAH
100 ## - MAIN ENTRY--PERSONAL NAME
Personal name RAO, T V
245 #0 - TITLE STATEMENT
Title HRD Audit: Evaluating the Human Resource Function for Business Improvement
250 ## - EDITION STATEMENT
Edition statement Rep.
260 ## - PUBLICATION, DISTRIBUTION, ETC. (IMPRINT)
Place of publication, distribution, etc N.Delhi
Name of publisher, distributor, etc Response Books
Date of publication, distribution, etc 2008
300 ## - PHYSICAL DESCRIPTION
Extent 344
650 ## - SUBJECT ADDED ENTRY--TOPICAL TERM
Topical term or geographic name as entry element MBA
942 ## - ADDED ENTRY ELEMENTS (KOHA)
Source of classification or shelving scheme Dewey Decimal Classification
Koha item type Text Books
Holdings
Withdrawn status Lost status Source of classification or shelving scheme Damaged status Not for loan Collection code Home library Current library Date acquired Source of acquisition Cost, normal purchase price Bill Number Total Checkouts Full call number Acc. no. / Barcode Date last seen Date last borrowed Bill Date Koha item type Public note
    Dewey Decimal Classification     MBA PIET C-LIBRARY PIET C-LIBRARY 04/10/2008 J B C, New Delhi 420.00 S1-2257 2 658.31 RAH 9718 29/07/2025 15/01/2025 05/08/2008 Text Books  
    Dewey Decimal Classification     MBA PIET C-LIBRARY PIET C-LIBRARY 04/10/2008 J B C, New Delhi 420.00 S1-2257   658.31 RAH 9719 04/12/2019   05/08/2008 Text Books  
    Dewey Decimal Classification     MBA PIET C-LIBRARY PIET C-LIBRARY 04/10/2008 J B C, New Delhi 420.00 S1-2257   658.31 RAH 9720 04/12/2019   05/08/2008 Text Books  
    Dewey Decimal Classification     MBA PIET C-LIBRARY PIET C-LIBRARY 04/10/2008 J B C, New Delhi 420.00 S1-2257 1 658.31 RAH 9721 25/11/2023 22/01/2022 05/08/2008 Text Books .

Design & Developed by: PIET Central Library
R70 Miles Stone Pattikalyana Samalkha Panipat 132102
mail ID :- [email protected], Phone No:- 0180-2569700 Ex.216